| 000 | 00732nab a2200229 a 4500 | ||
|---|---|---|---|
| 001 | 58702 | ||
| 003 | 130382 | ||
| 005 | 20201118103436.0 | ||
| 008 | ||||||n9999 ||| || || | ||
| 041 | _aspa | ||
| 245 | 0 |
_aLa apertura economica : _bdoble via hacia la necesaria internacionalizacion o camino sencillo hacia una mayor transnacionalizacion?, pp.19-32 |
|
| 260 |
_aBogotá : _bFundación Universidad Autónoma de Colombia - FUAC, _c1992. |
||
| 562 | _e0 | ||
| 650 | _aANALISIS DE TENDENCIA | ||
| 650 | _aAPERTURA ECONÓMICA | ||
| 650 | _aCONTEXTO ECONOMICO | ||
| 650 | _aGLOBALIZACIÓN | ||
| 650 | _aPROCESOS ECONÓMICOS | ||
| 650 | _aTENDENCIAS ECONOMICAS | ||
| 773 |
_055871 _aCriterio - No.16 |
||
| 942 | _cSART | ||
| 999 |
_c58702 _d58702 |
||